Discografia de C.Tangana - Estadísticas

Estadísticas generales
  • Esta prueba ha sido intentada 55 veces
    38 desde el último reinicio
  • La puntuación promedio es 25 de 137
Estadísticas de respuestas
Respuesta % Correcto
Demasiadas Mujeres
82%
Ateo
79%
Tu Me Dejaste De Querer
75%
Nunca Estoy
68%
Un Veneno
64%
Antes de morirme
61%
Droga
61%
Llorando en la Limo
61%
Los Tontos
61%
Mala Mujer
61%
Bien :(
57%
Guerrera
57%
Ingobernable
54%
Hong Kong
50%
Parteme La Cara
50%
Comerte Entera
43%
Estrecho / Alvarado
43%
No Te Debi Besar
43%
V
43%
Pa' Llamar Tu Atencion
39%
Te Olvidaste
39%
Drama
36%
Inditex
36%
Tranquilisimo
36%
Bolsas
32%
Booty
32%
CAMBIA!
32%
Intoxicao
32%
Muriendo De Envidia
32%
Nominao
32%
Still Rapping
32%
Cuando Olvidare
29%
Pa Que Brille
29%
Un Veneno (G-Mix)
25%
Ya No
25%
5 Stars
21%
Bien Duro
21%
Caballo Ganador
21%
C.H.I.T.O.
21%
Cuando Me Miras
21%
Ontas?
21%
Persiguiendonos
21%
Guille Asesino
18%
Nada
18%
NADA
18%
Paris
18%
Que Facilidad
18%
Una y mil veces
18%
Yelo
18%
adelante_ruffdemo2016
14%
Back to Bars
14%
De Pie
14%
It's a Vibe
14%
La Culpa
14%
No Te Pegas
14%
Ojala
14%
Tiempo
14%
Tocarte
14%
Ya no vales
14%
Yate
14%
Facil
11%
Llamame Mas Tarde
11%
Me Maten (Live at NPR's Tiny Desk)
11%
Oliveira Dos Cen Anos
11%
Picaflor
11%
Pronto Llegara
11%
Sangre
11%
Siempre Quise Todo
11%
Te Venero
11%
Todas Mias
11%
Baile de la Lluvia
7%
Bendicion
7%
Bobo
7%
Cabernet Sauvignon
7%
¿Cuanto E$?
7%
Demasiao Tarde
7%
Espabilao
7%
Go Time
7%
Huele a Nuevo
7%
LA Weed
7%
Lo hace conmigo
7%
Los chikos de Madriz
7%
Morir para Vivir
7%
Na de Na
7%
No eres Tu
7%
Otro Hombre
7%
Pop Ur Pussy
7%
Presidente
7%
Pussy Call
7%
Trouble
7%
Alligators
4%
Besame Mucho
4%
Buenos Tiempos (Judas)
4%
Como habla una mujer
4%
El Rey Soy Yo
4%
Epilogo
4%
Fechas
4%
Good Vibes (Remix)
4%
I'll Be Moving Music
4%
Just Wanna'
4%
Mala Mujer (Remix)
4%
Maldito
4%
O.G. (Original Game)
4%
Para Repartir
4%
Quiero
4%
Seco
4%
She Said
4%
Traicionero
4%
Viene y Va
4%
War
4%
Wrld
4%
Bebe
0%
Bounce to it
0%
Cha Cha
0%
C.H.I.T.O. (Lost Twin Rhodes Mix)
0%
Criminal
0%
Dealing my pain
0%
Did You See (C. Tangana Remix)
0%
Echad tierra en mi cuna
0%
Encima Mia
0%
Forfri
0%
Huyendo de mi
0%
Introduccion
0%
Ke Kiere Ase (Remix)
0%
La Ultima Generacion
0%
Lingotes
0%
Los Tontos (Live at NPR's Tiny Desk)
0%
Nemesis
0%
Ondas
0%
Presidente (bRUNA remix)
0%
Protocolo
0%
Retorno
0%
Slim Thugs
0%
Space Line
0%
Voy Solo
0%
Weed got it
0%
No se encontraron pruebas coincidentes
Distribución de puntuación
Porcentaje de gente con cada puntuación
Porcentaje por número respondido
Historial de tus puntuaciones
No has intentado esta prueba desde el último reinicio